Německo-český česko-německý slovník

Guardado en:
Detalles Bibliográficos
Formato: Libro
Lenguaje:checo
Publicado: Olomouc : FIN, 1997
Edición:4.vyd.
Etiquetas: Agregar Etiqueta
Sin Etiquetas, Sea el primero en etiquetar este registro!

MARC

LEADER 00000nam a22000003a 4500
001 stu30622
005 20150408181019.3
008 980123s1997----cs------------------cze-d
020 |a 80-86002-32-2 
040 |a STU  |b slo 
041 0 |a cze 
044 |a cs 
080 |a 801.323.2=30=850 
245 |a Německo-český česko-německý slovník 
250 |a 4.vyd. 
260 |a Olomouc :  |b FIN,  |c 1997 
300 |a 1403 s 
996 |b C95829  |c C*95829  |l CCVIIIB  |s P  |a 0  |w stu30622_0001